[Event "2. Bundesliga West 2005/2006"]
[Site "AUT"]
[Date "2005.10.08"]
[Round "1"]
[White "Besner, Bernhard"]
[Black "Heilinger, Dietmar"]
[Result "1/2-1/2"]
[WhiteElo "2116"]
[BlackElo "2146"]
[PlyCount "30"]
[EventDate "2005.10.??"]
[EventType "team"]
[EventRounds "11"]
[EventCountry "AUT"]
[WhiteTeam "ASK Salzburg XI"]
[BlackTeam "Bregenz X"]
[WhiteTeamCountry "AUT"]
[BlackTeamCountry "AUT"]

1. e4 c5 2. c3 d5 3. exd5 Qxd5 4. d4 Nf6 5. Nf3 Bg4 6. Be2 e6 7. O-O Be7 8. h3
Bh5 9. c4 Qd8 10. dxc5 Qxd1 11. Rxd1 Bxc5 12. Nc3 Nc6 13. a3 a5 14. Bg5 O-O 15.
Rd2 Rfd8 1/2-1/2

[Event "2. Bundesliga West 2005/2006"]
[Site "AUT"]
[Date "2005.10.08"]
[Round "1"]
[White "Herbrechtsmeier, Christof"]
[Black "Teufl, Siegfried"]
[Result "1/2-1/2"]
[WhiteElo "2286"]
[BlackElo "2184"]
[PlyCount "58"]
[EventDate "2005.10.??"]
[EventType "team"]
[EventRounds "11"]
[EventCountry "AUT"]
[WhiteTeam "Bregenz X"]
[BlackTeam "ASK Salzburg XI"]
[WhiteTeamCountry "AUT"]
[BlackTeamCountry "AUT"]

1. e4 e5 2. Nf3 Nc6 3. Bc4 Nf6 4. Ng5 d5 5. exd5 Na5 6. Bb5+ c6 7. dxc6 bxc6 8.
Be2 h6 9. Nf3 e4 10. Ne5 Bd6 11. d4 exd3 12. Nxd3 Qc7 13. b3 O-O 14. Bb2 Ne4
15. Nd2 Bf5 16. h3 c5 17. O-O c4 18. Nxc4 Nxc4 19. bxc4 Rad8 20. Bg4 Bg6 21.
Bf3 Rfe8 22. Bxe4 Rxe4 23. c5 Bxc5 24. Qf3 Bb6 25. Rae1 Qxc2 26. Rxe4 Bxe4 27.
Qxe4 Qxd3 28. Qg4 Bd4 29. Bxd4 Qxd4 1/2-1/2

[Event "2. Bundesliga West 2005/2006"]
[Site "AUT"]
[Date "2005.10.08"]
[Round "1"]
[White "Loeffler, Christoph"]
[Black "Poettinger, Harald"]
[Result "1/2-1/2"]
[WhiteElo "2177"]
[BlackElo "2254"]
[PlyCount "68"]
[EventDate "2005.10.??"]
[EventType "team"]
[EventRounds "11"]
[EventCountry "AUT"]
[WhiteTeam "ASK Salzburg XI"]
[BlackTeam "Bregenz X"]
[WhiteTeamCountry "AUT"]
[BlackTeamCountry "AUT"]

1. e4 d6 2. Nc3 Nf6 3. f4 Bg4 4. Nf3 e6 5. h3 Bxf3 6. Qxf3 d5 7. d3 c5 8. g4
Nc6 9. Qf2 d4 10. Nd1 Be7 11. g5 Nd7 12. h4 e5 13. Bh3 Bd6 14. b3 exf4 15. Bxf4
Bxf4 16. Qxf4 Qa5+ 17. Ke2 Nde5 18. Nf2 Qd8 19. h5 Qd7 20. a3 a6 21. Bf5 a5 22.
a4 Kd8 23. Raf1 Kc7 24. Ng4 Qd6 25. Nxe5 Nxe5 26. h6 g6 27. Bh3 Rhd8 28. Qg3
Qe7 29. Rf6 Rd6 30. Rhf1 Raa6 31. Rxd6 Rxd6 32. Qf4 Kb6 33. Rf2 Kc7 34. Kd1 Kb6
1/2-1/2

[Event "2. Bundesliga West 2005/2006"]
[Site "AUT"]
[Date "2005.10.08"]
[Round "1"]
[White "Natter, Markus"]
[Black "Scheiblmaier, Robert"]
[Result "1/2-1/2"]
[WhiteElo "2117"]
[BlackElo "2159"]
[PlyCount "29"]
[EventDate "2005.10.??"]
[EventType "team"]
[EventRounds "11"]
[EventCountry "AUT"]
[WhiteTeam "Bregenz X"]
[BlackTeam "ASK Salzburg XI"]
[WhiteTeamCountry "AUT"]
[BlackTeamCountry "AUT"]

1. e4 e6 2. d4 d5 3. Nc3 Bb4 4. exd5 exd5 5. Bd3 Nc6 6. a3 Bxc3+ 7. bxc3 Nge7
8. Qf3 O-O 9. Ne2 Be6 10. O-O Qd7 11. h3 Bf5 12. Rb1 b6 13. Rd1 Na5 14. Ng3 Bg6
15. h4 1/2-1/2

[Event "2. Bundesliga West 2005/2006"]
[Site "AUT"]
[Date "2005.10.08"]
[Round "1"]
[White "Enigl, Karl"]
[Black "Gruber, Michael"]
[Result "1/2-1/2"]
[WhiteElo "2122"]
[BlackElo "2134"]
[PlyCount "55"]
[EventDate "2005.10.??"]
[EventType "team"]
[EventRounds "11"]
[EventCountry "AUT"]
[WhiteTeam "Mozart 1910 VI"]
[BlackTeam "Absam"]
[WhiteTeamCountry "AUT"]
[BlackTeamCountry "AUT"]

1. c4 g6 2. Nc3 f5 3. d4 Nf6 4. f3 c5 5. d5 Bg7 6. e4 d6 7. exf5 Bxf5 8. Bd3
Qd7 9. Nge2 Na6 10. O-O O-O 11. Ng3 Bxd3 12. Qxd3 e6 13. a3 exd5 14. Nxd5 Nxd5
15. Qxd5+ Qf7 16. Qxf7+ Rxf7 17. Rd1 Rd8 18. Bg5 Rdd7 19. Rd2 Bd4+ 20. Kh1 Nc7
21. Ne4 d5 22. cxd5 Rxd5 23. Rad1 Ne6 24. Be3 b6 25. Nc3 Re5 26. Bxd4 Nxd4 27.
Ne4 a5 28. b4 1/2-1/2

[Event "2. Bundesliga West 2005/2006"]
[Site "AUT"]
[Date "2005.10.08"]
[Round "1"]
[White "Ferrari, Josef"]
[Black "Hamberger, Hermann"]
[Result "1/2-1/2"]
[WhiteElo "2156"]
[BlackElo "2129"]
[PlyCount "40"]
[EventDate "2005.10.??"]
[EventType "team"]
[EventRounds "11"]
[EventCountry "AUT"]
[WhiteTeam "Absam"]
[BlackTeam "Mozart 1910 VI"]
[WhiteTeamCountry "AUT"]
[BlackTeamCountry "AUT"]

1. Nf3 c5 2. g3 g6 3. Bg2 Bg7 4. d4 cxd4 5. Nxd4 Nc6 6. c3 Nf6 7. O-O O-O 8.
Na3 d5 9. Bf4 Nh5 10. Be3 e5 11. Nb3 d4 12. Bd2 Qc7 13. Nc2 Rd8 14. Qc1 Bg4 15.
Re1 Rac8 16. Bg5 f6 17. Bd2 Be6 18. Na3 dxc3 19. Qxc3 a6 20. Qe3 b5 1/2-1/2

[Event "2. Bundesliga West 2005/2006"]
[Site "AUT"]
[Date "2005.10.08"]
[Round "1"]
[White "Luther, Thomas"]
[Black "Schmidt, Georg"]
[Result "1-0"]
[WhiteElo "2569"]
[BlackElo "2363"]
[PlyCount "93"]
[EventDate "2005.10.??"]
[EventType "team"]
[EventRounds "11"]
[EventCountry "AUT"]
[WhiteTeam "Absam"]
[BlackTeam "Mozart 1910 VI"]
[WhiteTeamCountry "AUT"]
[BlackTeamCountry "AUT"]

1. e4 e6 2. d4 d5 3. Nd2 Nf6 4. e5 Nfd7 5. Bd3 c5 6. c3 Nc6 7. Ne2 cxd4 8. cxd4
f6 9. exf6 Qxf6 10. Nf3 h6 11. O-O Bd6 12. Ng3 O-O 13. Bc2 Rf7 14. Nh5 Qe7 15.
Re1 Nf8 16. Ng3 Bd7 17. Nf5 Rxf5 18. Bxf5 Qf6 19. Bc2 Be8 20. Ne5 Nxe5 21. dxe5
Bxe5 22. Qe2 Bd4 23. Be3 Bxb2 24. Rab1 Bc3 25. Bd2 Bxd2 26. Qxd2 Bc6 27. Rb3 e5
28. Rd3 d4 29. f4 exf4 30. Rxd4 f3 31. gxf3 Qxf3 32. Be4 Bxe4 33. Rdxe4 Rc8 34.
Qd5+ Kh7 35. Rf1 Qc3 36. Rg4 Qe3+ 37. Kh1 Qe6 38. Qxe6 Nxe6 39. Rf7 h5 40. Rg1
Rc2 41. Re7 Re2 42. Rgxg7+ Kh6 43. Rg3 Re1+ 44. Rg1 Re3 45. Rxb7 Nc5 46. Rbg7
Re6 47. Rg8 1-0

[Event "2. Bundesliga West 2005/2006"]
[Site "AUT"]
[Date "2005.10.08"]
[Round "1"]
[White "Panteleev, Petar"]
[Black "Teske, Henrik"]
[Result "1/2-1/2"]
[WhiteElo "2316"]
[BlackElo "2487"]
[PlyCount "38"]
[EventDate "2005.10.??"]
[EventType "team"]
[EventRounds "11"]
[EventCountry "AUT"]
[WhiteTeam "Mozart 1910 VI"]
[BlackTeam "Absam"]
[WhiteTeamCountry "AUT"]
[BlackTeamCountry "AUT"]

1. e4 c5 2. Nf3 Nc6 3. d4 cxd4 4. Nxd4 g6 5. c4 Bg7 6. Be3 Nf6 7. Nc3 Ng4 8.
Qxg4 Nxd4 9. Qd1 Ne6 10. Rc1 d6 11. Qd2 O-O 12. Be2 Nc5 13. g3 a5 14. b3 Be6
15. O-O Qb6 16. Nd5 Bxd5 17. cxd5 Qb4 18. Rfd1 Rfc8 19. Rc4 Qxd2 1/2-1/2

[Event "2. Bundesliga West 2005/2006"]
[Site "AUT"]
[Date "2005.10.08"]
[Round "1"]
[White "Peterwagner, Heinz"]
[Black "Pilz, Dieter"]
[Result "1/2-1/2"]
[WhiteElo "2216"]
[BlackElo "2331"]
[PlyCount "39"]
[EventDate "2005.10.??"]
[EventType "team"]
[EventRounds "11"]
[EventCountry "AUT"]
[WhiteTeam "Mozart 1910 VI"]
[BlackTeam "Absam"]
[WhiteTeamCountry "AUT"]
[BlackTeamCountry "AUT"]

1. e4 c5 2. Nc3 Nc6 3. g3 g6 4. Bg2 Bg7 5. Nge2 e6 6. O-O Nge7 7. d3 O-O 8. Be3
Nd4 9. Qd2 d6 10. Nd1 b6 11. c3 Nxe2+ 12. Qxe2 Ba6 13. Qc2 d5 14. Re1 Qd7 15.
Bf1 Rac8 16. f4 Rfd8 17. Nf2 d4 18. Bd2 Nc6 19. c4 b5 20. b3 1/2-1/2

[Event "2. Bundesliga West 2005/2006"]
[Site "AUT"]
[Date "2005.10.08"]
[Round "1"]
[White "Wegerle, Joerg"]
[Black "Opl, Klaus"]
[Result "0-1"]
[WhiteElo "2417"]
[BlackElo "2333"]
[PlyCount "78"]
[EventDate "2005.10.??"]
[EventType "team"]
[EventRounds "11"]
[EventCountry "AUT"]
[WhiteTeam "Absam"]
[BlackTeam "Mozart 1910 VI"]
[WhiteTeamCountry "AUT"]
[BlackTeamCountry "AUT"]

1. e4 e5 2. Nf3 Nc6 3. Bb5 a6 4. Bxc6 dxc6 5. O-O Qd6 6. d4 exd4 7. Nxd4 Bd7 8.
Nc3 O-O-O 9. Be3 Nh6 10. f3 Qg6 11. Qe1 f5 12. Qg3 Bd6 13. Qxg6 hxg6 14. h3 f4
15. Bf2 Nf7 16. Nb3 Rh5 17. Bd4 Rg8 18. Rfd1 c5 19. Bf2 Rgh8 20. Kf1 b6 21. a4
Be5 22. Nd5 Re8 23. Ra2 Ng5 24. Nd2 Bxh3 25. gxh3 Nxh3 26. Be1 Rg5 27. c3 Rg1+
28. Ke2 Rg2+ 29. Kd3 Kb7 30. a5 b5 31. Kc2 g5 32. Kc1 Ng1 33. b3 c6 34. Ne7
Bxc3 35. Nc4 Rxa2 36. Nd6+ Kb8 37. Nxe8 Ne2+ 38. Kb1 Rb2+ 39. Ka1 Rd2+ 0-1

[Event "2. Bundesliga West 2005/2006"]
[Site "AUT"]
[Date "2005.10.08"]
[Round "1"]
[White "Bezold, Michael"]
[Black "Bromberger, Stefan"]
[Result "1/2-1/2"]
[WhiteElo "2530"]
[BlackElo "2478"]
[PlyCount "70"]
[EventDate "2005.10.??"]
[EventType "team"]
[EventRounds "11"]
[EventCountry "AUT"]
[WhiteTeam "Hohenems V"]
[BlackTeam "Innsbruck Rochade III"]
[WhiteTeamCountry "AUT"]
[BlackTeamCountry "AUT"]

1. d4 f5 2. c4 Nf6 3. Nc3 e6 4. e3 Be7 5. Bd3 O-O 6. Qc2 d6 7. Nge2 g6 8. e4
Nc6 9. a3 fxe4 10. Nxe4 Nxe4 11. Bxe4 Bf6 12. Be3 e5 13. d5 Nd4 14. Bxd4 exd4
15. O-O Qe7 16. Rad1 Bd7 17. Nxd4 Rae8 18. f3 a5 19. b3 Kh8 20. Qd2 b6 21. Rfe1
Qg7 22. Re2 Re7 23. Qd3 Rfe8 24. Nb5 Bxb5 25. cxb5 Bb2 26. a4 Ba3 27. g3 Bc5+
28. Kg2 g5 29. Rc2 Qf6 30. Qc3 Qxc3 31. Rxc3 g4 32. h3 gxf3+ 33. Bxf3 Re3 34.
Rcd3 Rxd3 35. Rxd3 Re3 {Spieler Novkovic war nicht spielberechtigt daher 0-1K,
fuer die Elowertung Remis} 1/2-1/2

[Event "2. Bundesliga West 2005/2006"]
[Site "AUT"]
[Date "2005.10.08"]
[Round "1"]
[White "Blaas, Hansjoerg"]
[Black "Grabher, Heinz"]
[Result "1/2-1/2"]
[WhiteElo "2231"]
[BlackElo "2279"]
[PlyCount "80"]
[EventDate "2005.10.??"]
[EventType "team"]
[EventRounds "11"]
[EventCountry "AUT"]
[WhiteTeam "Innsbruck Rochade III"]
[BlackTeam "Hohenems V"]
[WhiteTeamCountry "AUT"]
[BlackTeamCountry "AUT"]

1. e4 e5 2. Bc4 Nf6 3. d4 exd4 4. Nf3 Nc6 5. O-O Nxe4 6. Re1 d5 7. Bxd5 Qxd5 8.
Nc3 Qh5 9. Nxe4 Be6 10. Bg5 Bd6 11. Nxd6+ cxd6 12. Bf4 Qd5 13. c3 O-O-O 14.
Nxd4 Nxd4 15. Qxd4 Qxd4 16. cxd4 Bd5 17. Re3 Kd7 18. Rae1 Rhe8 19. Rxe8 Rxe8
20. Rxe8 Kxe8 21. a3 Kd7 22. f3 Kc6 23. Kf2 Bc4 24. Ke3 a5 25. g3 Bf1 26. h4 d5
27. b3 h5 28. g4 g6 29. Be5 Kd7 30. Bf6 Bb5 31. Be5 a4 32. bxa4 Bxa4 33. Kf4
Bd1 34. Bb8 Kc6 35. Be5 Kb5 36. Bd6 Kc4 37. gxh5 gxh5 38. Ke3 Ba4 39. Bc5 Bd1
40. Bb4 Ba4 1/2-1/2

[Event "2. Bundesliga West 2005/2006"]
[Site "AUT"]
[Date "2005.10.08"]
[Round "1"]
[White "Deglmann, Ludwig"]
[Black "Novkovic, Milan"]
[Result "1-0"]
[WhiteElo "2378"]
[BlackElo "2402"]
[PlyCount "69"]
[EventDate "2005.10.??"]
[EventType "team"]
[EventRounds "11"]
[EventCountry "AUT"]
[WhiteTeam "Innsbruck Rochade III"]
[BlackTeam "Hohenems V"]
[WhiteTeamCountry "AUT"]
[BlackTeamCountry "AUT"]

1. e4 c5 2. Nf3 e6 3. d4 cxd4 4. Nxd4 a6 5. c4 Nf6 6. Nc3 Qc7 7. a3 Be7 8. Be3
d6 9. Rc1 Nbd7 10. Be2 Ne5 11. O-O Bd7 12. f3 Rc8 13. b4 O-O 14. Na4 Ng6 15.
Kh1 Rfd8 16. Qb3 Be8 17. Rfd1 Nd7 18. f4 Nf6 19. f5 exf5 20. exf5 Ne5 21. Nf3
Neg4 22. Bd4 Ne4 23. Nb6 Nef2+ 24. Kg1 Nxd1 25. Rxd1 Bc6 26. Nxc8 Qxc8 27. Qb1
b5 28. cxb5 axb5 29. Qa1 Qxf5 30. Bxg7 f6 31. h3 Bxf3 32. hxg4 Bxg4 33. Rf1 Qg5
34. Bxg4 Kxg7 35. Qe1 1-0

[Event "2. Bundesliga West 2005/2006"]
[Site "AUT"]
[Date "2005.10.08"]
[Round "1"]
[White "Fuchs, Georg"]
[Black "Gaertner, Guntram"]
[Result "0-1"]
[WhiteElo "2237"]
[BlackElo "2368"]
[PlyCount "68"]
[EventDate "2005.10.??"]
[EventType "team"]
[EventRounds "11"]
[EventCountry "AUT"]
[WhiteTeam "Innsbruck Rochade III"]
[BlackTeam "Hohenems V"]
[WhiteTeamCountry "AUT"]
[BlackTeamCountry "AUT"]

1. e4 c6 2. d4 d5 3. Nd2 dxe4 4. Nxe4 Bf5 5. Ng3 Bg6 6. h4 h6 7. h5 Bh7 8. Nf3
Nd7 9. Bc4 e6 10. Qe2 Ngf6 11. Ne5 Nxe5 12. dxe5 Nd5 13. O-O Qc7 14. a4 Be7 15.
Re1 Bg5 16. Qg4 Bxc1 17. Raxc1 O-O 18. Bd3 Bxd3 19. cxd3 Qb6 20. Re2 Kh8 21.
Kh2 Rfd8 22. Rd1 Nb4 23. f4 Nxd3 24. Rf1 Rd4 25. Ne4 Qb4 26. f5 Nxe5 27. Qh4
exf5 28. Rxf5 Nd7 29. Qf4 Qc4 30. Qf3 Rd3 31. Qf2 Rd5 32. Rxd5 Qxd5 33. Ng3 Qg5
34. Re4 Nf6 0-1

[Event "2. Bundesliga West 2005/2006"]
[Site "AUT"]
[Date "2005.10.08"]
[Round "1"]
[White "Sandholzer, Robert"]
[Black "Jedinger, Andreas"]
[Result "1/2-1/2"]
[WhiteElo "2106"]
[BlackElo "2128"]
[PlyCount "80"]
[EventDate "2005.10.??"]
[EventType "team"]
[EventRounds "11"]
[EventCountry "AUT"]
[WhiteTeam "Hohenems V"]
[BlackTeam "Innsbruck Rochade III"]
[WhiteTeamCountry "AUT"]
[BlackTeamCountry "AUT"]

1. e4 e5 2. Nf3 Nc6 3. Bc4 Nf6 4. d3 Bc5 5. c3 a6 6. O-O d6 7. Bb3 Ba7 8. Nbd2
O-O 9. Re1 Ng4 10. Re2 Ne7 11. h3 Nf6 12. Nf1 Ng6 13. Be3 Nh5 14. Bxa7 Rxa7 15.
d4 Nhf4 16. Re3 Qf6 17. Qd2 Ra8 18. Ng3 h6 19. Rd1 Be6 20. Kh2 Bxb3 21. axb3 c5
22. Nf5 Rad8 23. Qc2 Ne7 24. Nxe7+ Qxe7 25. g3 exd4 26. cxd4 Ne6 27. d5 Ng5 28.
Nxg5 Qxg5 29. f4 Qg6 30. Qe2 f6 31. Kg2 Rfe8 32. Re1 Qf7 33. Qd3 Qd7 34. g4 Re7
35. Kf3 Ree8 36. Ra1 Kf7 37. h4 Kg8 38. Rg1 Re7 39. Rg3 Rde8 40. Qf1 Qb5
1/2-1/2

[Event "2. Bundesliga West 2005/2006"]
[Site "AUT"]
[Date "2005.10.08"]
[Round "1"]
[White "Gross, David"]
[Black "Pitl, Gregory"]
[Result "1-0"]
[WhiteElo "2467"]
[BlackElo "2365"]
[PlyCount "81"]
[EventDate "2005.10.??"]
[EventType "team"]
[EventRounds "11"]
[EventCountry "AUT"]
[WhiteTeam "Zillertal II"]
[BlackTeam "Inter Salzburg VIII"]
[WhiteTeamCountry "AUT"]
[BlackTeamCountry "AUT"]

1. e4 e5 2. Nf3 Nf6 3. Nxe5 d6 4. Nf3 Nxe4 5. Nc3 Nxc3 6. dxc3 Be7 7. Bf4 O-O
8. Qd2 Nd7 9. O-O-O Nc5 10. Nd4 Re8 11. f3 Ne6 12. Be3 Bg5 13. Bxg5 Qxg5 14.
Qxg5 Nxg5 15. Bb5 Rd8 16. Rhe1 Ne6 17. Nf5 Kf8 18. Bf1 Bd7 19. Ne3 a5 20. Nd5
Rac8 21. g3 Re8 22. f4 Bc6 23. b4 axb4 24. cxb4 Bxd5 25. Rxd5 Nd8 26. Rxe8+
Kxe8 27. a4 Ke7 28. Kb2 Ra8 29. a5 c6 30. Rd2 d5 31. Kb3 Ne6 32. c4 Nc7 33.
cxd5 Nxd5 34. Bg2 Nc7 35. Kc4 Rd8 36. Rxd8 Kxd8 37. Kc5 Kc8 38. Bf1 f6 39. Bc4
Na8 40. Kd6 Kd8 41. a6 1-0

[Event "2. Bundesliga West 2005/2006"]
[Site "AUT"]
[Date "2005.10.08"]
[Round "1"]
[White "Ivanov, Mikhail M"]
[Black "Lanka, Zigurds"]
[Result "1/2-1/2"]
[WhiteElo "2457"]
[BlackElo "2510"]
[PlyCount "50"]
[EventDate "2005.10.??"]
[EventType "team"]
[EventRounds "11"]
[EventCountry "AUT"]
[WhiteTeam "Inter Salzburg VIII"]
[BlackTeam "Zillertal II"]
[WhiteTeamCountry "AUT"]
[BlackTeamCountry "AUT"]

1. d4 Nf6 2. Nf3 g6 3. c4 Bg7 4. g3 O-O 5. Bg2 d5 6. cxd5 Nxd5 7. Nc3 Nxc3 8.
bxc3 c5 9. O-O cxd4 10. Nxd4 Nc6 11. Nxc6 bxc6 12. Qxd8 Rxd8 13. Bxc6 Bxc3 14.
Rb1 Bf5 15. e4 Rac8 16. Bb7 Bh3 17. Bxc8 Bxf1 18. Kxf1 Rxc8 19. Be3 Rc7 20. Rc1
a6 21. Ke2 Be5 22. Rxc7 Bxc7 23. Kd3 Kf8 24. Kc4 Ke8 25. Kc5 Kd7 1/2-1/2

[Event "2. Bundesliga West 2005/2006"]
[Site "AUT"]
[Date "2005.10.08"]
[Round "1"]
[White "Lickleder, Andreas"]
[Black "Proehl, Holger"]
[Result "0-1"]
[WhiteElo "2240"]
[BlackElo "2397"]
[PlyCount "67"]
[EventDate "2005.10.??"]
[EventType "team"]
[EventRounds "11"]
[EventCountry "AUT"]
[WhiteTeam "Inter Salzburg VIII"]
[BlackTeam "Zillertal II"]
[WhiteTeamCountry "AUT"]
[BlackTeamCountry "AUT"]

1. e4 d5 2. Nc3 dxe4 3. Nxe4 g6 4. Bc4 Bg7 5. Nf3 Nf6 6. Qe2 O-O 7. d3 Nc6 8.
h3 Na5 9. Bb3 Nxb3 10. axb3 Nd5 11. O-O e5 12. Nc3 Re8 13. Bg5 Nxc3 14. bxc3
Qd6 15. Qe3 a6 16. Rfe1 Bd7 17. Rad1 f5 18. d4 exd4 19. Qd3 Rxe1+ 20. Rxe1 Bb5
21. c4 Bc6 22. Be7 Qd7 23. Bc5 Be4 24. Rxe4 fxe4 25. Qxe4 c6 26. Ne5 Qf5 27.
Qxf5 gxf5 28. f4 Bxe5 29. fxe5 Rd8 30. e6 Re8 31. e7 a5 32. Kf2 Kf7 33. Ke2 Rg8
34. Kf3 0-1

[Event "2. Bundesliga West 2005/2006"]
[Site "AUT"]
[Date "2005.10.08"]
[Round "1"]
[White "Tabernig, Bernhard"]
[Black "Hager, Franz"]
[Result "1/2-1/2"]
[WhiteElo "2324"]
[BlackElo "2234"]
[PlyCount "138"]
[EventDate "2005.10.??"]
[EventType "team"]
[EventRounds "11"]
[EventCountry "AUT"]
[WhiteTeam "Zillertal II"]
[BlackTeam "Inter Salzburg VIII"]
[WhiteTeamCountry "AUT"]
[BlackTeamCountry "AUT"]

1. d4 f5 2. g3 Nf6 3. Bg2 e6 4. Nd2 d5 5. Ngf3 Bd6 6. c4 c6 7. Qc2 O-O 8. b3
Bd7 9. Bb2 Qe7 10. Ne5 Be8 11. O-O Nbd7 12. f3 f4 13. gxf4 Nh5 14. e3 Rf6 15.
Rf2 Rh6 16. Nf1 Qh4 17. cxd5 exd5 18. Qf5 Qe7 19. Ng4 Re6 20. Qd3 Qh4 21. a4
Bf7 22. Ba3 Bc7 23. b4 Nb6 24. b5 Nxa4 25. f5 Ree8 26. bxc6 bxc6 27. Qc2 Nb6
28. Ne5 Bxe5 29. dxe5 Rxe5 30. Bb2 Re7 31. Qxc6 Rc8 32. Qb5 Nc4 33. Bd4 Qg5 34.
Rxa7 Rxa7 35. Bxa7 Qxf5 36. Bd4 Qg6 37. Ra2 h6 38. Ra7 Nd6 39. Qd7 Rc2 40. Qg4
Nf5 41. Qxg6 Bxg6 42. f4 Nxd4 43. Bxd5+ Kh7 44. exd4 Nxf4 45. Ne3 Re2 46. Ra3
Bd3 47. Nc4 g6 48. Ne5 Bf5 49. Bc4 Rd2 50. Kf1 Rxh2 51. Ra7+ Kh8 52. Nf7+ Kg7
53. Ng5+ Kf8 54. Nh7+ Ke8 55. Nf6+ Kd8 56. d5 Rd2 57. Ra8+ Kc7 58. d6+ Kc6 59.
Ng8 Bh3+ 60. Ke1 Rd4 61. Bf7 h5 62. Ne7+ Kb7 63. Rg8 Bg4 64. Bxg6 Rxd6 65. Bf5
Nd3+ 66. Kd2 Nb4+ 67. Ke3 Nd5+ 68. Nxd5 Bxf5 69. Nf4 Bg4 1/2-1/2

[Event "2. Bundesliga West 2005/2006"]
[Site "AUT"]
[Date "2005.10.08"]
[Round "1"]
[White "Ginsburg, Gennadij"]
[Black "Novkovic, Julia"]
[Result "1-0"]
[WhiteElo "2513"]
[BlackElo "2145"]
[PlyCount "67"]
[EventDate "2005.10.??"]
[EventType "team"]
[EventRounds "11"]
[EventCountry "AUT"]
[WhiteTeam "Lustenau VII"]
[BlackTeam "Lochau XII"]
[WhiteTeamCountry "AUT"]
[BlackTeamCountry "AUT"]

1. e4 c5 2. Nf3 d6 3. d4 cxd4 4. Nxd4 Nf6 5. Nc3 g6 6. Be3 Bg7 7. f3 Nc6 8. Bc4
O-O 9. Qd2 Nxd4 10. Bxd4 Be6 11. Bb3 Qa5 12. O-O-O Bxb3 13. cxb3 Rfd8 14. Kb1
Rac8 15. a3 Rd7 16. Rc1 Rc6 17. b4 Qd8 18. b5 Rc4 19. Qd3 Rc8 20. g4 e5 21. Be3
d5 22. Nxd5 Rxc1+ 23. Rxc1 Nxd5 24. exd5 Rxd5 25. Qc4 Rd7 26. Bxa7 Bh6 27. Rc2
Rd1+ 28. Ka2 Qh4 29. Qe4 Bf4 30. Rc8+ Kg7 31. Bc5 Qxh2 32. Qxb7 Kh6 33. Qxf7
Bc1 34. Qf8+ 1-0

[Event "2. Bundesliga West 2005/2006"]
[Site "AUT"]
[Date "2005.10.08"]
[Round "1"]
[White "Kanonier, Klemens"]
[Black "Doskocil, Klaus"]
[Result "1/2-1/2"]
[WhiteElo "2100"]
[BlackElo "2196"]
[PlyCount "108"]
[EventDate "2005.10.??"]
[EventType "team"]
[EventRounds "11"]
[EventCountry "AUT"]
[WhiteTeam "Lochau XII"]
[BlackTeam "Lustenau VII"]
[WhiteTeamCountry "AUT"]
[BlackTeamCountry "AUT"]

1. c4 e5 2. Nc3 f5 3. d3 Nf6 4. g3 Bc5 5. Bg2 O-O 6. Nf3 d6 7. O-O Nc6 8. Na4
Qe8 9. Nxc5 dxc5 10. Be3 Nd4 11. Nxd4 cxd4 12. Bd2 Bd7 13. b4 Ba4 14. Qb1 Bc6
15. f3 a6 16. Rc1 Rf7 17. a4 Bxa4 18. b5 axb5 19. cxb5 c6 20. b6 Nd7 21. f4
exf4 22. Bxf4 Bb5 23. Rxa8 Qxa8 24. Bd5 cxd5 25. Qxb5 Qa2 26. Rc8+ Nf8 27. Qe8
Qb1+ 28. Bc1 Qxb6 29. Ba3 Qf6 30. Qb5 g6 31. Qxd5 Kg7 32. Bxf8+ Rxf8 33. Rc7+
Rf7 34. Qxb7 Rxc7 35. Qxc7+ Kh6 36. h4 f4 37. Qxf4+ Qxf4 38. gxf4 Kh5 39. Kf2
Kxh4 40. Kf3 h5 41. e3 dxe3 42. d4 e2 43. Kxe2 Kg4 44. d5 Kf5 45. Kf3 Kf6 46.
Kg3 Ke7 47. Kh4 Kd6 48. Kg5 Kxd5 49. Kxg6 h4 50. f5 h3 51. f6 h2 52. f7 h1=Q
53. f8=Q Qg1+ 54. Kf7 Qf1+ 1/2-1/2

[Event "2. Bundesliga West 2005/2006"]
[Site "AUT"]
[Date "2005.10.08"]
[Round "1"]
[White "Mayr, Manfred"]
[Black "Bezler, Rainer"]
[Result "0-1"]
[WhiteElo "2141"]
[BlackElo "2207"]
[PlyCount "48"]
[EventDate "2005.10.??"]
[EventType "team"]
[EventRounds "11"]
[EventCountry "AUT"]
[WhiteTeam "Lochau XII"]
[BlackTeam "Lustenau VII"]
[WhiteTeamCountry "AUT"]
[BlackTeamCountry "AUT"]

1. Nf3 Nf6 2. g3 g6 3. Bg2 Bg7 4. O-O d5 5. d3 c5 6. Nbd2 Nc6 7. e4 O-O 8. Re1
e5 9. exd5 Nxd5 10. a3 h6 11. Rb1 Re8 12. Ne4 b6 13. Bd2 Bb7 14. Nh4 f5 15. Nc3
Nde7 16. Bh1 Qd7 17. Qf3 g5 18. Ng2 Nd4 19. Qd1 Nf3+ 20. Kf1 Nxh2+ 21. Kg1 Nf3+
22. Kf1 Nxe1 23. Qxe1 Rad8 24. Kg1 c4 0-1

[Event "2. Bundesliga West 2005/2006"]
[Site "AUT"]
[Date "2005.10.08"]
[Round "1"]
[White "Mrsic, Robert"]
[Black "Ladner, Peter"]
[Result "0-1"]
[WhiteElo "2135"]
[BlackElo "2038"]
[PlyCount "50"]
[EventDate "2005.10.??"]
[EventType "team"]
[EventRounds "11"]
[EventCountry "AUT"]
[WhiteTeam "Lustenau VII"]
[BlackTeam "Lochau XII"]
[WhiteTeamCountry "AUT"]
[BlackTeamCountry "AUT"]

1. e4 c6 2. d4 d5 3. f3 e6 4. Nc3 Nd7 5. Bf4 a6 6. Qd3 Be7 7. Nh3 Nb6 8. Qe3
Nf6 9. O-O-O Nh5 10. Be5 f6 11. g4 fxe5 12. gxh5 Qd6 13. dxe5 Qxe5 14. Qxb6
Qxh5 15. Qe3 d4 16. Nf4 Qh6 17. Rxd4 Bc5 18. e5 O-O 19. Nce2 Bd7 20. Qd3 Bxd4
21. Qxd4 Rad8 22. Qe3 c5 23. Rg1 Bb5 24. Rxg7+ Kxg7 25. Bh3 Bxe2 0-1

[Event "2. Bundesliga West 2005/2006"]
[Site "AUT"]
[Date "2005.10.08"]
[Round "1"]
[White "Ager, Josef"]
[Black "Eybl, Alexander"]
[Result "0-1"]
[WhiteElo "2246"]
[BlackElo "2260"]
[PlyCount "70"]
[EventDate "2005.10.??"]
[EventType "team"]
[EventRounds "11"]
[EventCountry "AUT"]
[WhiteTeam "Ranshofen IX"]
[BlackTeam "Woergl IV"]
[WhiteTeamCountry "AUT"]
[BlackTeamCountry "AUT"]

1. Nf3 Nf6 2. c4 e6 3. g3 d5 4. Bg2 Be7 5. O-O O-O 6. d4 Nbd7 7. Qc2 dxc4 8.
Qxc4 a6 9. a4 b5 10. Qc2 Bb7 11. axb5 axb5 12. Rxa8 Qxa8 13. Na3 b4 14. Nc4 c5
15. dxc5 Nxc5 16. Ne1 b3 17. Qc3 Nfe4 18. Qa5 Qa6 19. Qb4 Re8 20. Be3 Bd5 21.
Nd2 Na4 22. Qd4 Bf6 23. Qd3 Qxd3 24. Nxd3 Nxd2 25. Bxd2 Bxg2 26. Kxg2 Rb8 27.
Rb1 h6 28. Kf1 Rc8 29. Rc1 Rd8 30. Ke1 Bd4 31. Rc4 Nxb2 32. Nxb2 Bxb2 33. Rb4
Ra8 34. e3 Ra3 35. Ke2 f6 0-1